[Event "Open d'Aubagne 2018-2019"]
[Site "Aubagne"]
[Date "2018.09.28"]
[Round "1.1"]
[White "Pietrac, Christian"]
[Black "Deregnaucourt, Yves"]
[Result "1/2-1/2"]
[WhiteElo "1256"]
[BlackElo "1645"]
[PlyCount "130"]

1. Nf3 Nf6 2. g3 g6 3. Bg2 Bg7 4. d3 Nc6 5. c3 e5 6. Nbd2 d5 7. O-O O-O 8. e4
Bg4 9. Re1 Qd7 10. Qc2 Rfe8 11. a4 a5 12. Nb3 b6 13. Bd2 Rad8 14. Bg5 dxe4 15.
dxe4 Qe6 16. Nbd2 h6 17. Be3 Bh3 18. Qb3 Qxb3 19. Nxb3 Be6 20. Nbd2 Ng4 21. Nf1
Nxe3 22. Nxe3 h5 23. h4 Bh6 24. Ng5 Bxg5 25. hxg5 Rd2 26. Bf1 Rxb2 27. Bb5 Bd7
28. Nc4 Rc2 29. Red1 Re7 30. Rd3 Nb8 31. Rad1 Bxb5 32. axb5 Kg7 33. Rd8 Rxc3
34. Ne3 Rd7 35. Rxb8 Rxd1+ 36. Nxd1 Rc1 37. Rd8 a4 38. Kg2 a3 39. Rd2 a2 40.
Rxa2 Rxd1 41. Rb2 Kf8 42. f4 exf4 43. gxf4 Ke7 44. e5 Ke6 45. Rc2 Kd7 46. Kf2
Rd5 47. Rb2 Ke6 48. Kf3 Kf5 49. Rc2 Rc5 50. Rb2 Rc3+ 51. Kg2 Kxf4 52. Rf2+ Kxe5
53. Rxf7 Rd3 54. Rxc7 Kf5 55. Rc6 Kxg5 56. Rxb6 Kf4 57. Rb8 Kg4 58. b6 Rd2+ 59.
Kf1 h4 60. b7 Rb2 61. Ke1 h3 62. Rg8 Rxb7 63. Rxg6+ Kf3 64. Rf6+ Kg2 65. Rg6+
Kh2 1/2-1/2

[Event "Open d'Aubagne 2018-2019"]
[Site "Aubagne"]
[Date "2018.09.28"]
[Round "1.2"]
[White "Blanc, Michel"]
[Black "Biglia, Michel"]
[Result "1/2-1/2"]
[WhiteElo "1615"]
[BlackElo "1232"]
[PlyCount "87"]

1. d4 d5 2. Bf4 Bf5 3. e3 Nc6 4. c3 Nf6 5. Bd3 Qd7 6. Qc2 e6 7. Nd2 Be7 8. e4
dxe4 9. Nxe4 Bxe4 10. Bxe4 g6 11. Nf3 Nxe4 12. Qxe4 Qd5 13. Qxd5 exd5 14. Bxc7
Rc8 15. Bg3 O-O 16. O-O Rfe8 17. Rfe1 Bf6 18. Kf1 b5 19. a3 a5 20. Rxe8+ Rxe8
21. Re1 Rxe1+ 22. Kxe1 Kg7 23. Ke2 g5 24. Ne5 Bxe5 25. Bxe5+ Kg6 26. g4 b4 27.
axb4 axb4 28. Kd3 f5 29. h3 fxg4 30. hxg4 h5 31. f3 Nxe5+ 32. dxe5 h4 33. Ke2
bxc3 34. bxc3 Kf7 35. f4 Ke6 36. f5+ Kxe5 37. Kf2 Kf6 38. Kf3 Kf7 39. Ke2 Kf6
40. Kf3 Kf7 41. Kf2 Kf6 42. Kg2 Kf7 43. Kh3 Kf6 44. Kh2 1/2-1/2

[Event "Open d'Aubagne 2018-2019"]
[Site "Aubagne"]
[Date "2018.09.28"]
[Round "1.3"]
[White "Lecomte, Gael"]
[Black "Ganier, Philippe"]
[Result "1/2-1/2"]
[WhiteElo "1225"]
[BlackElo "1606"]
[PlyCount "107"]

1. d4 g6 2. Nf3 Bg7 3. Nc3 d6 4. e4 Nf6 5. Bd3 O-O 6. Bg5 c6 7. e5 dxe5 8. dxe5
Nd5 9. Qd2 Bg4 10. Nxd5 Qxd5 11. c4 Qd7 12. Bf4 Na6 13. h3 Bxf3 14. gxf3 Rad8
15. O-O-O Qe6 16. Qc3 Nc5 17. Bc2 Qc8 18. Be3 b6 19. f4 Bh6 20. h4 Rxd1+ 21.
Kxd1 Qg4+ 22. Kc1 Bxf4 23. h5 Ne6 24. hxg6 hxg6 25. Bxf4 Qxf4+ 26. Kb1 Qg4 27.
Qe3 Ng7 28. Qh6 Nh5 29. f3 Qg2 30. Rd1 a5 31. a4 b5 32. cxb5 cxb5 33. axb5 Rc8
34. Rd2 Qf1+ 35. Rd1 Qe2 36. Qd2 Qxb5 37. Qd4 Qc6 38. Be4 Qc5 39. Qd7 Nf4 40.
Re1 Kg7 41. Qd2 Qb4 42. Qxb4 axb4 43. Ka2 g5 44. Kb3 Rb8 45. Rg1 f6 46. Rd1 Ne6
47. exf6+ Kxf6 48. Rd5 Kg7 49. Rd2 Kf6 50. Rd5 Kg7 51. Rd2 Kf6 52. Rd5 Ng7 53.
Rd4 Ne6 54. Rd5 1/2-1/2

[Event "Open d'Aubagne 2018-2019"]
[Site "Aubagne"]
[Date "2018.09.28"]
[Round "1.4"]
[White "Pentcheff, Laura"]
[Black "Garbe, Georges"]
[Result "1-0"]
[WhiteElo "1596"]
[BlackElo "1221"]
[PlyCount "69"]

1. d4 f5 2. c4 Nf6 3. Nf3 e6 4. g3 d5 5. Bg2 dxc4 6. Qa4+ Qd7 7. Qxc4 Qc6 8.
Nbd2 Qxc4 9. Nxc4 Nc6 10. O-O Bd6 11. Bd2 O-O 12. Rac1 Bd7 13. a3 h6 14. b4 a6
15. Rfe1 b5 16. Nce5 Be8 17. Nxc6 Bxc6 18. Rxc6 Ne4 19. Be3 Nf6 20. Nh4 Kh7 21.
Rxd6 cxd6 22. Bxa8 Rxa8 23. Rc1 d5 24. Rc6 Ra7 25. f3 g5 26. Ng2 Kg6 27. Rxe6
h5 28. h4 Kf7 29. Rc6 g4 30. fxg4 Nxg4 31. Bf4 Nf6 32. Ne3 Kg6 33. Nxd5 Rf7 34.
Be5 Rd7 35. Nxf6 1-0

[Event "Open d'Aubagne 2018-2019"]
[Site "Aubagne"]
[Date "2018.09.28"]
[Round "1.5"]
[White "Autouard, Jean-Luc"]
[Black "Daumas, Alain"]
[Result "0-1"]
[WhiteElo "1216"]
[BlackElo "1571"]
[PlyCount "46"]

1. e4 e6 2. Nf3 d5 3. exd5 exd5 4. d4 Nf6 5. Nc3 Be7 6. Bd3 Bg4 7. O-O O-O 8.
Bf4 Nc6 9. h3 Bxf3 10. Qxf3 Nxd4 11. Qg3 Ne6 12. Bd2 Re8 13. Rae1 c5 14. Bh6
Bd6 15. f4 g6 16. Qf2 c4 17. Be2 Bc5 18. Qxc5 Nxc5 19. Bg5 Qb6 20. Kh1 Nce4 21.
Bxf6 Ng3+ 22. Kh2 Nxf1+ 23. Rxf1 Qxf6 0-1

[Event "Open d'Aubagne 2018-2019"]
[Site "Aubagne"]
[Date "2018.09.28"]
[Round "1.6"]
[White "Bertrand, Frederic"]
[Black "Naam, Shedy"]
[Result "1-0"]
[WhiteElo "1548"]
[BlackElo "1213"]
[PlyCount "63"]

1. e4 e5 2. Nf3 Nc6 3. Bc4 d6 4. d4 Be7 5. h3 Nf6 6. Nc3 Nh5 7. Nxe5 dxe5 8.
Qxh5 g6 9. Qf3 f5 10. d5 Nd4 11. Qd1 Bd7 12. Be3 Bc5 13. exf5 Bxf5 14. Rc1 Qf6
15. Nb5 Qb6 16. Nxd4 Bxd4 17. Bxd4 exd4 18. O-O O-O-O 19. Bb3 Be4 20. c4 Bf5
21. c5 Qf6 22. Qf3 Rdf8 23. d6 c6 24. Rfe1 d3 25. Re7 h5 26. Rce1 g5 27. Rc7+
Kb8 28. Ree7 g4 29. Rxb7+ Ka8 30. Qxc6 gxh3 31. Rbc7+ Kb8 32. Qb7# 1-0

[Event "Open d'Aubagne 2018-2019"]
[Site "Aubagne"]
[Date "2018.09.28"]
[Round "1.7"]
[White "Coppel, Victor"]
[Black "Tchifteyan, Philippe"]
[Result "0-1"]
[WhiteElo "1201"]
[BlackElo "1532"]
[PlyCount "60"]

1. e4 c5 2. Nc3 Nc6 3. Bc4 Nf6 4. d3 d6 5. f4 e5 6. Nf3 Be7 7. O-O O-O 8. Qe1
exf4 9. Bxf4 Nb4 10. Rc1 Be6 11. Bxe6 fxe6 12. Qg3 Nh5 13. Qg4 Nxf4 14. g3 Nxa2
15. gxf4 Nxc1 16. Rxc1 Rf6 17. Ng5 Rg6 18. Kh1 Bxg5 19. fxg5 Qxg5 20. Qxg5 Rxg5
21. Nb5 Rd8 22. Nxa7 d5 23. Nb5 dxe4 24. dxe4 Rd2 25. Na3 Re2 26. Nc4 Rxe4 27.
Nd6 Rb4 28. Ra1 Kf8 29. Ra8+ Ke7 30. Nc8+ Kd7 0-1

[Event "Open d'Aubagne 2018-2019"]
[Site "Aubagne"]
[Date "2018.09.28"]
[Round "1.8"]
[White "Gamblin, Vincent"]
[Black "Pinet, Leo"]
[Result "1-0"]
[WhiteElo "1488"]
[BlackElo "1199"]
[PlyCount "69"]

1. e4 d6 2. d4 Nf6 3. Nc3 c6 4. Bd3 e5 5. dxe5 dxe5 6. Nf3 Qc7 7. Bg5 Nbd7 8.
Be3 Nc5 9. O-O Be6 10. h3 h6 11. Nh4 g6 12. Qf3 Ncd7 13. g4 Nh7 14. Qe2 Ng5 15.
Kh2 Qd8 16. Nf3 Qf6 17. Nxg5 hxg5 18. Rg1 Rh4 19. Rg3 Bd6 20. Qd2 Qh8 21. Bf1
Be7 22. Bxg5 Rh7 23. Bxe7 Kxe7 24. Qg5+ Kf8 25. b3 Nf6 26. f3 Rd8 27. Kg2 Kg8
28. Qxe5 Rd2+ 29. Kg1 Rf2 30. Qb8+ Kg7 31. Qxh8+ Rxh8 32. Kxf2 Rd8 33. Rd1 Rxd1
34. Nxd1 Kh6 35. g5+ 1-0

[Event "Open d'Aubagne 2018-2019"]
[Site "Aubagne"]
[Date "2018.09.28"]
[Round "1.9"]
[White "Turpin, Isabelle"]
[Black "Cavanihac, Claude"]
[Result "0-1"]
[WhiteElo "1192"]
[BlackElo "1487"]
[PlyCount "106"]

1. d4 Nf6 2. Bd2 d5 3. e3 e6 4. Bd3 Nbd7 5. Nf3 Bd6 6. h3 a6 7. Nc3 c5 8. e4
dxe4 9. Nxe4 Nxe4 10. Bxe4 f5 11. Bd3 b5 12. Qe2 Nf6 13. d5 Nxd5 14. g4 O-O 15.
gxf5 c4 16. Be4 Bb7 17. fxe6 Qf6 18. Rg1 Qxe6 19. Bxh7+ Kxh7 20. Qxe6 Rae8 21.
Qxe8 Rxe8+ 22. Kf1 Nf6 23. Ng5+ Kg8 24. Bc3 Nd5 25. Bd4 Nb4 26. Bc3 Re7 27. h4
Nd5 28. f3 Bc5 29. Rg3 Ne3+ 30. Ke2 Nf5+ 31. Ne4 Bxe4 32. Rg5 Bxc2+ 33. Kd2 Bd3
34. h5 Be3+ 35. Kd1 Bxg5 36. Bb4 Rd7 37. Bd2 Bf6 38. Ke1 Nd4 39. Kf2 Re7 40.
Kg3 Ne2+ 41. Kg4 Kf7 42. Rh1 c3 43. bxc3 Bxc3 44. Bg5 Rd7 45. h6 gxh6 46. Rxh6
b4 47. f4 Rd5 48. Rc6 Bf5+ 49. Kh5 a5 50. Rc7+ Rd7 51. Rc5 Ng3+ 52. Kh4 Be1 53.
Rxa5 b3 0-1

[Event "Open d'Aubagne 2018-2019"]
[Site "Aubagne"]
[Date "2018.09.28"]
[Round "1.10"]
[White "Hunault, Francis"]
[Black "Bonavia, Mathis"]
[Result "1-0"]
[WhiteElo "1467"]
[BlackElo "1180"]
[PlyCount "51"]

1. d4 d5 2. Bf4 e6 3. e3 f5 4. c3 Nf6 5. Nf3 Be7 6. Nbd2 O-O 7. Ne5 Nbd7 8.
Ndf3 Bd6 9. h3 Nxe5 10. Nxe5 Bxe5 11. dxe5 Ne4 12. Bd3 g5 13. Bh2 b6 14. Qh5
Rf7 15. f3 Nc5 16. Bc2 c6 17. f4 gxf4 18. Bxf4 Rg7 19. g4 Ne4 20. Rg1 Ng5 21.
O-O-O Ba6 22. gxf5 exf5 23. Bxg5 Rxg5 24. Rxg5+ Kf8 25. Rxf5+ Ke7 26. Qf7# 1-0

[Event "Open d'Aubagne 2018-2019"]
[Site "Aubagne"]
[Date "2018.09.28"]
[Round "1.11"]
[White "Tramarin, Esteban"]
[Black "Pouyet, Alain"]
[Result "0-1"]
[WhiteElo "1170"]
[BlackElo "1449"]
[PlyCount "44"]

1. c4 e5 2. Nc3 Nf6 3. g3 Bc5 4. Bg2 Ng4 5. e3 f5 6. Nh3 c6 7. O-O d6 8. e4 O-O
9. d3 h6 10. Na4 Bd4 11. Re1 Be6 12. Be3 Bxe3 13. fxe3 Nd7 14. exf5 Rxf5 15.
Qxg4 Rf1+ 16. Rxf1 Bxg4 17. Rf2 Nf6 18. Raf1 Qd7 19. Nc3 Bxh3 20. Bxh3 Qxh3 21.
Ne2 Ng4 22. Rf7 Qxh2# 0-1

[Event "Open d'Aubagne 2018-2019"]
[Site "Aubagne"]
[Date "2018.09.28"]
[Round "1.12"]
[White "Guidini, Rene"]
[Black "Madi, Walid"]
[Result "1-0"]
[WhiteElo "1442"]
[BlackElo "1164"]
[PlyCount "51"]

1. e4 d5 2. exd5 Qxd5 3. Nc3 Qa5 4. d4 Bf5 5. g3 Nf6 6. Nf3 Nc6 7. Bg2 Nb4 8.
O-O Nxc2 9. Bd2 Nxa1 10. Qxa1 e6 11. Ne4 Bb4 12. Nxf6+ gxf6 13. Bxb4 Qxb4 14.
a3 Qb6 15. d5 O-O-O 16. b4 Bd3 17. Rd1 Bb5 18. Qxf6 Ba4 19. Rd2 exd5 20. Qxf7
d4 21. Ne5 Rhe8 22. Bh3+ Re6 23. Bxe6+ Kb8 24. Nd7+ Bxd7 25. Bxd7 Rxd7 26. Qe8+
1-0

[Event "Open d'Aubagne 2018-2019"]
[Site "Aubagne"]
[Date "2018.09.28"]
[Round "1.13"]
[White "Bedhouche, Rayan"]
[Black "Cureau, Dominique"]
[Result "1-0"]
[WhiteElo "1160"]
[BlackElo "1438"]
[PlyCount "67"]

1. e4 c5 2. Nf3 Nc6 3. d4 cxd4 4. Nxd4 e5 5. Nb5 d6 6. c4 Nf6 7. Bg5 a6 8. Bxf6
gxf6 9. N5c3 Qa5 10. Nd2 Be6 11. Nb3 Qc7 12. Nd5 Bxd5 13. cxd5 Ne7 14. Rc1 Qd7
15. Be2 Bh6 16. Rc3 f5 17. f3 f4 18. Qc2 Rc8 19. Rxc8+ Qxc8 20. Qxc8+ Nxc8 21.
Na5 b5 22. Nc6 Na7 23. Nxa7 Ke7 24. Nc6+ Kf6 25. Nb4 Ra8 26. O-O Kg5 27. Rc1 f5
28. exf5 Kxf5 29. Rc6 Bf8 30. Bd3+ Kg5 31. Rxa6 Rc8 32. Bxh7 Rc1+ 33. Kf2 Rb1
34. Bxb1 1-0

[Event "Open d'Aubagne 2018-2019"]
[Site "Aubagne"]
[Date "2018.09.28"]
[Round "1.14"]
[White "Desjardins, Rene"]
[Black "Masson, Wally"]
[Result "0-1"]
[WhiteElo "1437"]
[BlackElo "1154"]
[PlyCount "86"]

1. e4 e5 2. Nf3 d6 3. Be2 Nf6 4. d3 Be7 5. Nc3 O-O 6. Be3 d5 7. exd5 Bb4 8. a3
Bxc3+ 9. bxc3 Nxd5 10. Bd2 Qf6 11. c4 Nf4 12. Bxf4 exf4 13. O-O Re8 14. d4 Bg4
15. c3 Nc6 16. Rb1 b6 17. Rb5 Qe6 18. Ne5 Bxe2 19. Qxe2 Na5 20. Rb4 f6 21. d5
Qxe5 22. Qxe5 Rxe5 23. h3 Re4 24. Rd1 Nxc4 25. f3 a5 26. fxe4 axb4 27. axb4 Ra3
28. Rc1 g5 29. Kf2 h5 30. g3 fxg3+ 31. Kxg3 Ne5 32. h4 Nd3 33. Rc2 Nxb4 34. Rc1
Na2 35. Rc2 Nxc3 36. Kf3 Nxd5+ 37. Kf2 Nc3 38. hxg5 fxg5 39. e5 c5 40. e6 Kf8
41. Rd2 Ra2 42. Rxa2 Nxa2 43. Ke3 Ke7 0-1

[Event "Open d'Aubagne 2018-2019"]
[Site "Aubagne"]
[Date "2018.09.28"]
[Round "1.15"]
[White "Couillaud, Gabriel"]
[Black "Piquemal, Maxence"]
[Result "0-1"]
[WhiteElo "1140"]
[BlackElo "1425"]
[PlyCount "52"]

1. e4 e6 2. Nf3 d5 3. exd5 exd5 4. Nc3 Nf6 5. d3 Be7 6. d4 c6 7. Bf4 O-O 8. Bd3
Bg4 9. O-O Re8 10. h3 Bh5 11. Qd2 Bg6 12. Bxg6 hxg6 13. Ng5 Nbd7 14. Ne2 Nh7
15. h4 Ndf8 16. Ng3 Nxg5 17. Bxg5 Ne6 18. Rfe1 Bxg5 19. Qe2 Bxh4 20. Qf3 Bxg3
21. Qxg3 Nxd4 22. Qh3 Qa5 23. Kf1 Nxc2 24. Rxe8+ Rxe8 25. Rd1 Re1+ 26. Rxe1
Qxe1# 0-1

[Event "Open d'Aubagne 2018-2019"]
[Site "Aubagne"]
[Date "2018.09.28"]
[Round "1.16"]
[White "Soulet, Julia"]
[Black "Deroual, Alexandre"]
[Result "1-0"]
[WhiteElo "1420"]
[BlackElo "1130"]
[PlyCount "65"]

1. d4 f5 2. c4 e6 3. Nf3 c6 4. Nc3 d5 5. cxd5 cxd5 6. Bf4 Be7 7. e3 Nf6 8. Nb5
Na6 9. Rc1 O-O 10. Bd3 Qa5+ 11. Nc3 Bb4 12. Qb3 Bd7 13. O-O Rac8 14. Ne5 Bxc3
15. bxc3 Bc6 16. c4 Nb4 17. Be2 Qxa2 18. Qxb4 Qxe2 19. Qd6 Qh5 20. Qxe6+ Qf7
21. Nxf7 Rce8 22. Qxf5 Rxf7 23. cxd5 Bxd5 24. Bg5 Ne4 25. Qxd5 Nxg5 26. Qxg5 h5
27. Qxh5 a5 28. Qxa5 b5 29. Qxb5 Rxe3 30. fxe3 g5 31. Qxg5+ Kh8 32. Rc8+ Kh7
33. Rxf7# 1-0

[Event "Open d'Aubagne 2018-2019"]
[Site "Aubagne"]
[Date "2018.09.28"]
[Round "1.17"]
[White "Dektiannikov, Artiom"]
[Black "Reynaud, Jacques"]
[Result "0-1"]
[WhiteElo "1129"]
[BlackElo "1409"]
[PlyCount "84"]

1. e4 e5 2. Nf3 d6 3. Bc4 h6 4. Nc3 Nf6 5. O-O Be7 6. d3 O-O 7. Nd5 c6 8. Nxf6+
Bxf6 9. Be3 Be6 10. b3 a6 11. c3 d5 12. exd5 cxd5 13. Bxd5 Qxd5 14. d4 e4 15.
c4 Qh5 16. Nd2 Qg6 17. f3 Nc6 18. fxe4 Nxd4 19. Rc1 Rad8 20. Nf3 Bh3 21. Rf2
Nxf3+ 22. Qxf3 Bg4 23. Qg3 Rd1+ 24. Rxd1 Bxd1 25. e5 Qxg3 26. hxg3 Bxe5 27. Bf4
Bd4 28. Bd6 Re8 29. Kf1 Bxf2 30. Kxf2 Re2+ 31. Kf3 Rd2+ 32. Kf4 Rxd6 33. g4 a5
34. Ke5 Rd2 35. Kf4 Rxa2 36. g5 hxg5+ 37. Kxg5 Rb2 38. c5 Rxb3 39. Kh4 a4 40.
c6 bxc6 41. g4 a3 42. g5 a2 0-1

[Event "Open d'Aubagne 2018-2019"]
[Site "Aubagne"]
[Date "2018.09.28"]
[Round "1.18"]
[White "Cayrou, Fabien"]
[Black "Salvi, Angele"]
[Result "1-0"]
[WhiteElo "1408"]
[BlackElo "1125"]
[PlyCount "63"]

1. d4 Nf6 2. Bf4 d6 3. Nc3 Bd7 4. g3 Nc6 5. Nf3 e6 6. Bg2 h6 7. e4 Qe7 8. Qe2
O-O-O 9. O-O-O Kb8 10. e5 Nd5 11. exd6 cxd6 12. Nxd5 exd5 13. Qb5 Nxd4 14. Qxd5
Ne2+ 15. Kb1 Nxf4 16. gxf4 Bc6 17. Qb3 Qf6 18. Rhe1 Qxf4 19. Ne5 Bxg2 20. Nxf7
Rd7 21. Re8+ Kc7 22. Qc3+ Bc6 23. Qa5+ b6 24. Qxa7+ Bb7 25. Nxh8 Kc6 26. Ng6
Qf7 27. Rxf8 Qxg6 28. Qa4+ Kc7 29. Qc4+ Bc6 30. b4 Kb7 31. b5 Bf3 32. Qc8+ 1-0

[Event "Open d'Aubagne 2018-2019"]
[Site "Aubagne"]
[Date "2018.09.28"]
[Round "1.19"]
[White "Bonnefond, Liv"]
[Black "Strate, Francois"]
[Result "0-1"]
[WhiteElo "1120"]
[BlackElo "1406"]
[PlyCount "53"]

1. e4 e6 2. Nf3 d5 3. e5 c5 4. Nc3 Nc6 5. Bd3 Nge7 6. O-O Nb4 7. Be2 Ng6 8. b3
Qc7 9. Bb5+ Bd7 10. Bxd7+ Qxd7 11. d3 Be7 12. a3 Nc6 13. Re1 O-O 14. Na4 Qc7
15. Bb2 b5 16. Nc3 d4 17. Nxb5 Qb8 18. a4 Ngxe5 19. Nxe5 Nxe5 20. c3 a6 21. Na3
dxc3 22. Bxc3 Bd6 23. d4 Rd8 24. Rb1 Nc6 25. Nc4 Bxh2+ 26. Kf1 Rxd4 27. Qf3 0-1

[Event "Open d'Aubagne 2018-2019"]
[Site "Aubagne"]
[Date "2018.09.28"]
[Round "1.21"]
[White "Marchis Mouren, Emma"]
[Black "Meyselle, Jean-Noel"]
[Result "1-0"]
[WhiteElo "1111"]
[BlackElo "1399"]
[PlyCount "109"]

1. Nf3 Nc6 2. g3 e5 3. d3 d5 4. Bg2 Nf6 5. O-O Be6 6. b3 Qd7 7. c4 Bh3 8. Re1
Bxg2 9. Kxg2 O-O-O 10. cxd5 Nxd5 11. Bb2 f6 12. Nc3 Bb4 13. Qc2 Nd4 14. Qc1 Nb5
15. Nxb5 Bxe1 16. Nxe1 Qxb5 17. Ba3 h5 18. Qc5 Qxc5 19. Bxc5 Kb8 20. Nf3 Rde8
21. e4 Nc3 22. h4 Reg8 23. a4 Ne2 24. b4 Nd4 25. Bxd4 exd4 26. Nxd4 Rd8 27. Ne2
Rxd3 28. Nf4 Rd4 29. Nxh5 Rxe4 30. b5 Re5 31. Nf4 Rd8 32. Ng6 Re4 33. Nf4 Rdd4
34. Nh5 Re7 35. Ra2 Rd6 36. Nf4 f5 37. Ne2 g6 38. Rb2 c5 39. a5 Rc7 40. Nc3 Rd3
41. Ne2 c4 42. Nf4 Rb3 43. Rc2 Rg7 44. Rxc4 Rxb5 45. Ra4 a6 46. Ne6 Re7 47. Nf8
Re4 48. Rxe4 fxe4 49. Nxg6 Rxa5 50. g4 b5 51. h5 b4 52. h6 Rg5 53. h7 Rxg4+ 54.
Kf1 Rxg6 55. h8=Q+ 1-0

[Event "Open d'Aubagne 2018-2019"]
[Site "Aubagne"]
[Date "2018.09.28"]
[Round "1.22"]
[White "Nasri, Alexandre"]
[Black "Piquemal, Jean Christophe"]
[Result "0-1"]
[WhiteElo "1399"]
[BlackElo "1111"]
[PlyCount "68"]

1. e4 e5 2. Nf3 Nc6 3. Bc4 d6 4. Nc3 Bg4 5. h3 Bh5 6. Bb5 Nf6 7. O-O Be7 8. Qe1
O-O 9. d3 Bxf3 10. Bxc6 bxc6 11. gxf3 Qd7 12. Kh2 Rfe8 13. f4 exf4 14. Bxf4 Nh5
15. Ne2 Bf6 16. Rb1 Be5 17. Qd2 Rab8 18. Bxe5 Rxe5 19. f4 Ree8 20. f5 f6 21.
Nf4 Nxf4 22. Rxf4 d5 23. Qg2 Qd6 24. Qg3 dxe4 25. Rxe4 Rxe4 26. Qxd6 Re2+ 27.
Kg3 cxd6 28. c4 Rexb2 29. Re1 Rxa2 30. d4 a5 31. Kf4 a4 32. c5 dxc5 33. dxc5 a3
34. Re6 Rc8 0-1

[Event "Open d'Aubagne 2018-2019"]
[Site "Aubagne"]
[Date "2018.09.29"]
[Round "1.23"]
[White "Madi, Chahinez"]
[Black "Normand, Christophe"]
[Result "0-1"]
[WhiteElo "1099"]
[BlackElo "1399"]
[PlyCount "78"]

1. c4 e5 2. Nc3 Nf6 3. g3 d6 4. Bg2 Be7 5. Nf3 O-O 6. d4 exd4 7. Nxd4 c6 8. O-O
a6 9. b4 d5 10. c5 h6 11. a4 Nh7 12. e4 Be6 13. Nde2 Bf6 14. Bb2 d4 15. Nb1 d3
16. Bxf6 Qxf6 17. Nec3 Rd8 18. e5 Qxe5 19. Re1 Qf6 20. Re3 Bf5 21. Ra3 Nd7 22.
Ne4 Bxe4 23. Bxe4 Ng5 24. Raxd3 Nh3+ 25. Kg2 Nxf2 26. Qh5 Nxd3 27. Bxd3 Re8 28.
Rf3 Qe7 29. Bc4 Rf8 30. Rf4 Ne5 31. Re4 Qg5 32. Qd1 Nxc4 33. Rxc4 Rad8 34. Qf3
Rfe8 35. Rf4 Re7 36. Rg4 Qe5 37. Nc3 Rd2+ 38. Kh3 Qh5+ 39. Rh4 Qxf3 0-1

[Event "Open d'Aubagne 2018-2019"]
[Site "Aubagne"]
[Date "2018.09.28"]
[Round "1.24"]
[White "Vicari-Vento, Salvatore"]
[Black "Pentcheff, Julie"]
[Result "0-1"]
[WhiteElo "1396"]
[BlackElo "1096"]
[PlyCount "77"]

1. e4 c6 2. d4 d5 3. exd5 cxd5 4. Nf3 g6 5. Nc3 Bg7 6. Bd2 Nc6 7. Bb5 Bg4 8.
Be3 Nf6 9. h3 Bd7 10. O-O O-O 11. a3 a6 12. Ba4 b5 13. Bb3 Be6 14. Ng5 Qd6 15.
Qd2 h6 16. Nxe6 fxe6 17. Rad1 g5 18. Qe2 e5 19. dxe5 Qxe5 20. Nxd5 Kh8 21. Nc3
Rac8 22. f4 gxf4 23. Bxf4 Qc5+ 24. Be3 Qe5 25. Kh1 Nh5 26. Kg1 Ng3 27. Rxf8+
Rxf8 28. Qd3 Rd8 29. Nd5 e6 30. Bf4 Qd4+ 31. Kh2 Qxd3 32. Rxd3 exd5 33. Kxg3
Bxb2 34. a4 Rg8+ 35. Kf2 bxa4 36. Bxa4 Bd4+ 37. Ke2 Rxg2+ 38. Kf3 Rf2+ 39. Kg3
0-1

[Event "Open d'Aubagne 2018-2019"]
[Site "Aubagne"]
[Date "2018.09.28"]
[Round "1.25"]
[White "Madi, Mohammed"]
[Black "Cotton, Paul"]
[Result "0-1"]
[WhiteElo "1090"]
[BlackElo "1395"]
[PlyCount "164"]

1. c4 Nf6 2. Nc3 g6 3. g3 Bg7 4. Nf3 d6 5. Bg2 c5 6. O-O O-O 7. d3 Nc6 8. Rb1
Rb8 9. a3 a6 10. b4 cxb4 11. axb4 Bd7 12. b5 axb5 13. cxb5 Na7 14. b6 Nc8 15.
Be3 Ng4 16. Qd2 Nxe3 17. fxe3 Bc6 18. Qb2 e6 19. Bh3 Ne7 20. Rbc1 Nd5 21. e4
Nxc3 22. Rxc3 Bxc3 23. Qxc3 Qxb6+ 24. Kh1 Rbc8 25. Qd4 Qxd4 26. Nxd4 Kg7 27.
Kg2 b5 28. Kf3 Rc7 29. Rb1 Rb8 30. Bxe6 Kf6 31. Bc4 b4 32. Nc2 Rcb7 33. Nd4 Bd7
34. Ke3 h5 35. Bd5 Ra7 36. Bc6 Be6 37. Bd5 Bxd5 38. exd5 Re7+ 39. Kd2 Rb6 40.
e4 Kg5 41. Nf3+ Kg4 42. Ke3 b3 43. Kf2 b2 44. Nd2 Ra7 45. Nc4 Ra1 46. Rxb2
Rxb2+ 47. Nxb2 Ra2 48. Ke3 Rxb2 49. Kd4 Rxh2 50. e5 dxe5+ 51. Kxe5 Rd2 52. Ke4
Re2+ 53. Kd4 Re8 54. d6 Kxg3 55. Kd5 Rd8 56. Kc6 Kf3 57. Kc7 Rxd6 58. Kxd6 h4
59. d4 h3 60. d5 h2 61. Ke7 h1=Q 62. d6 Qe1+ 63. Kd7 Qe6+ 64. Kc7 g5 65. d7
Qxd7+ 66. Kxd7 g4 67. Ke7 g3 68. Kxf7 g2 69. Ke6 g1=Q 70. Ke5 Qg6 71. Kd4 Qf5
72. Kc4 Qe5 73. Kd3 Qe4+ 74. Kd2 Qe3+ 75. Kc2 Ke4 76. Kb2 Kd4 77. Kc2 Qd3+ 78.
Kb2 Qc3+ 79. Ka2 Kd3 80. Kb1 Qb3+ 81. Ka1 Qa3+ 82. Kb1 Qc5 0-1

[Event "Open d'Aubagne 2018-2019"]
[Site "Aubagne"]
[Date "2018.09.28"]
[Round "1.26"]
[White "Avedissian, Andre"]
[Black "Pegon, Claude"]
[Result "1-0"]
[WhiteElo "1362"]
[BlackElo "1088"]
[PlyCount "116"]

1. e4 c5 2. Nf3 d6 3. d4 Nf6 4. Nc3 a6 5. dxc5 e6 6. cxd6 Bxd6 7. e5 Bb4 8.
Qxd8+ Kxd8 9. exf6 gxf6 10. Bd2 Nc6 11. O-O-O b5 12. a3 Ba5 13. Ne4 f5 14.
Bxa5+ Ke7 15. Bb4+ Nxb4 16. axb4 fxe4 17. Nd4 Bb7 18. Nb3 f5 19. Nc5 Bd5 20. b3
a5 21. Bxb5 axb4 22. Na4 Rhb8 23. Be2 Kd6 24. Bc4 Ra7 25. Rhe1 Ke5 26. Bxd5
exd5 27. f3 Rg8 28. Rd2 Rd8 29. fxe4 fxe4 30. Kb2 d4 31. Nc5 e3 32. Nd3+ Kd6
33. Rdd1 Rb8 34. Nf4 Ke5 35. g3 Rba8 36. Ra1 Rxa1 37. Rxa1 Rxa1 38. Kxa1 Ke4
39. Kb1 Kf3 40. Nd3 Kg2 41. Kc1 Kxh2 42. g4 h6 43. Kd1 Kg3 44. Ke2 Kxg4 45.
Nxb4 h5 46. Nd3 h4 47. Ne1 Kg3 48. Nf3 h3 49. b4 Kf4 50. b5 Kg3 51. b6 h2 52.
Nxh2 Kxh2 53. b7 Kg3 54. b8=Q+ Kg4 55. Qe5 d3+ 56. cxd3 Kh3 57. Kxe3 Kg2 58.
Qf4 Kh3 1-0

[Event "Open d'Aubagne 2018-2019"]
[Site "Aubagne"]
[Date "2018.09.28"]
[Round "1.27"]
[White "Bartolini, Manuela"]
[Black "Hassaine, Rachid"]
[Result "0-1"]
[WhiteElo "1080"]
[BlackElo "1356"]
[PlyCount "126"]

1. d4 d5 2. Bf4 Nf6 3. Nf3 Ne4 4. Nbd2 Bf5 5. Nxe4 Bxe4 6. Nd2 Bg6 7. e3 e6 8.
c3 Nd7 9. h4 h6 10. Bg3 Be7 11. Nf3 Nf6 12. Bd3 Ne4 13. h5 Nxg3 14. fxg3 Bxd3
15. Qxd3 Qd6 16. Rh3 Bf6 17. Qb5+ Ke7 18. Qc5 Rhd8 19. Qxd6+ Kxd6 20. Kd2 c5
21. Ne5 Bxe5 22. dxe5+ Kxe5 23. g4 Rd7 24. Ke2 d4 25. Rd1 Rad8 26. exd4+ cxd4
27. cxd4+ Rxd4 28. Re3+ Kf6 29. Rxd4 Rxd4 30. Rf3+ Ke7 31. Rg3 b5 32. g5 hxg5
33. Rxg5 Rd5 34. Rxg7 Rxh5 35. Kd3 Rf5 36. g4 Rd5+ 37. Kc3 Kf6 38. Rg8 Rg5 39.
Ra8 Rxg4 40. Rxa7 Rg5 41. a3 Rd5 42. Ra8 Ke5 43. Rf8 f5 44. b3 f4 45. Rh8 Ke4
46. Rh1 f3 47. Re1+ Kf5 48. a4 bxa4 49. bxa4 Re5 50. Rf1 Kf4 51. Kb4 Kg3 52. a5
Kg2 53. Rc1 f2 54. a6 Re1 55. Rc2 Ra1 56. Kb5 Kg1 57. Rxf2 Kxf2 58. Kb6 e5 59.
Kb7 e4 60. a7 e3 61. a8=Q Rxa8 62. Kxa8 e2 63. Kb7 e1=Q 0-1

[Event "Open d'Aubagne 2018-2019"]
[Site "Aubagne"]
[Date "2018.09.28"]
[Round "1.28"]
[White "Morata, Serge"]
[Black "Boudet, Nicole"]
[Result "1-0"]
[WhiteElo "1343"]
[BlackElo "1052"]
[PlyCount "55"]

1. e4 c6 2. d4 d5 3. e5 Bf5 4. Nf3 e6 5. a3 h6 6. Bd3 Ne7 7. O-O Qb6 8. a4 Nd7
9. a5 Qc7 10. b4 a6 11. Nc3 b6 12. Ne2 b5 13. Ng3 g5 14. Nxf5 exf5 15. c3 Bg7
16. Re1 Nf8 17. Qc2 Qd7 18. Bd2 Nfg6 19. Re2 g4 20. Ne1 h5 21. Bg5 Nf4 22. Bxf4
Bh6 23. Qd2 Ng8 24. Nc2 O-O-O 25. Rae1 Re8 26. Na1 Bf8 27. Nb3 Re6 28. Bxf5 1-0

[Event "Open d'Aubagne 2018-2019"]
[Site "Aubagne"]
[Date "2018.09.28"]
[Round "1.29"]
[White "Periale, Francine"]
[Black "Gomez, Jean-Luc"]
[Result "0-1"]
[WhiteElo "1052"]
[BlackElo "1335"]
[PlyCount "58"]

1. d4 d5 2. Bf4 Nf6 3. Nf3 e6 4. e3 Be7 5. Nc3 a6 6. Bd3 Nbd7 7. Ne5 c5 8. Nxd7
Nxd7 9. b3 cxd4 10. exd4 Bb4 11. Bd2 Qa5 12. O-O Bxc3 13. Bxc3 Qxc3 14. f4
Qxd4+ 15. Kh1 Qc5 16. Qg4 g6 17. Rae1 Nf6 18. Qe2 Bd7 19. f5 Nh5 20. Qe5 O-O-O
21. fxe6 Bxe6 22. Rxf7 Bxf7 23. Rf1 Rhe8 24. Qa1 Be6 25. Re1 Kb8 26. Qe5+ Ka8
27. c3 Bd7 28. b4 Qf8 29. Qc7 Rxe1+ 0-1

[Event "Open d'Aubagne 2018-2019"]
[Site "Aubagne"]
[Date "2018.09.28"]
[Round "1.30"]
[White "Ulloa, Philippe"]
[Black "Catanese, Sauveur"]
[Result "1-0"]
[WhiteElo "1328"]
[BlackElo "1047"]
[PlyCount "69"]

1. d4 Nf6 2. c4 g6 3. Nc3 Bg7 4. Nf3 d5 5. h3 c6 6. Bf4 O-O 7. Qc1 Re8 8. e3
Nh5 9. Bh2 Nf6 10. Bd3 Nbd7 11. O-O a6 12. Re1 Bh6 13. Qc2 e5 14. dxe5 Nc5 15.
exf6 Nxd3 16. Qxd3 dxc4 17. Qxc4 Qxf6 18. Rad1 b5 19. Qb3 a5 20. Rd6 Qe7 21.
Rxc6 Bb7 22. Rc7 Qe6 23. Qxe6 Rxe6 24. Rxb7 b4 25. Nb5 Rae8 26. Nc7 Bxe3 27.
Nxe6 Bd2 28. Nxd2 Rxe6 29. Rb8+ Kg7 30. Be5+ f6 31. Rb7+ Kh6 32. Bf4+ g5 33.
Rxe6 gxf4 34. Rxf6+ Kg5 35. Rbf7 1-0